Teaspoons, tablespoons, and cups / (Record no. 7094)

MARC details
000 -LEADER
fixed length control field 00945nam a22003017a 4500
001 - CONTROL NUMBER
control field 7094
003 - CONTROL NUMBER IDENTIFIER
control field FISKH
005 - DATE AND TIME OF LATEST TRANSACTION
control field 20250825135355.0
008 - FIXED-LENGTH DATA ELEMENTS--GENERAL INFORMATION
fixed length control field 250620b cb ||||| |||| 00| 0 eng d
020 ## - INTERNATIONAL STANDARD BOOK NUMBER
International Standard Book Number 9781606945131
040 ## - CATALOGING SOURCE
Original cataloging agency FISKH
Language of cataloging eng
Transcribing agency FISKH
Modifying agency FISKH
050 ## - LIBRARY OF CONGRESS CALL NUMBER
Classification number QC90.6 .K3687
082 ## - DEWEY DECIMAL CLASSIFICATION NUMBER
Classification number 530.8
100 ## - MAIN ENTRY--PERSONAL NAME
Personal name Karapetkova, Holly
245 ## - TITLE STATEMENT
Title Teaspoons, tablespoons, and cups /
Statement of responsibility, etc. By Holly Karapetkova
260 ## - PUBLICATION, DISTRIBUTION, ETC.
Place of publication, distribution, etc. Florida :
Name of publisher, distributor, etc. Rourke Publishing ,
Date of publication, distribution, etc. 2010.
300 ## - PHYSICAL DESCRIPTION
Extent 24 pages :
Other physical details color illustrations ;
Dimensions 21 x21 cm .
490 ## - SERIES STATEMENT
Series statement Measuring
505 ## - FORMATTED CONTENTS NOTE
Formatted contents note D <br/>
520 ## - SUMMARY, ETC.
Summary, etc. Simple sentences and illustrated repetitive text will introduce early learners to teaspoons, tablespoons, and cups.
521 8# - TARGET AUDIENCE NOTE
Target audience note 160 <br/>
Source Lexile estimate <br/>
521 8# - TARGET AUDIENCE NOTE
Target audience note D <br/>
Source Raz-Plus <br/>
650 ## - SUBJECT ADDED ENTRY--TOPICAL TERM
Topical term or geographic name entry element Informational
Form subdivision Non-fiction
650 ## - SUBJECT ADDED ENTRY--TOPICAL TERM
Topical term or geographic name entry element Expository
Form subdivision Non-fiction
700 ## - ADDED ENTRY--PERSONAL NAME
Personal name Greve, Meg
Relator term Editor
942 ## - ADDED ENTRY ELEMENTS (KOHA)
Source of classification or shelving scheme Dewey Decimal Classification
Koha item type Books
Suppress in OPAC No
Holdings
Withdrawn status Lost status Source of classification or shelving scheme Damaged status Not for loan Collection Home library Current library Shelving location Date acquired Total Checkouts Full call number Barcode Date due Date last seen Date last checked out Price effective from Koha item type Copy number
    Dewey Decimal Classification     Non-Fiction Footprints International School Library Network Toul Tom Poung Campus Footprints International School Library Network Toul Tom Poung Campus TTP Primary Green Bookshelves 06/20/2025 1 KAR 530.8 QC90.6 .K3687 FIS02677 08/28/2025 08/14/2025 08/14/2025 06/20/2025 Books  
    Dewey Decimal Classification     Non-Fiction Footprints International School Library Network Toul Tom Poung Campus Footprints International School Library Network Toul Tom Poung Campus TTP Primary Green Bookshelves 08/25/2025 1 KAR 530.8 QC90.6 .K3687 FISTK01557   01/15/2026 01/15/2026 08/25/2025 Books 2